[Event "Lima Silicio op 2nd"]
[Site "Lima"]
[Date "2023.03.05"]
[Round "7"]
[White "Mamani Orozco, Camila Guianella"]
[Black "Lemos, Jose"]
[Result "0-1"]
[WhiteElo "1393"]
[BlackElo "1982"]
[PlyCount "34"]
[EventDate "2023.03.03"]
[EventType "swiss"]
[EventRounds "7"]
[EventCountry "PER"]
[SourceTitle "CBM 213 Extra"]
[Source "ChessBase"]
[SourceDate "2023.05.31"]
[SourceVersion "1"]
[SourceVersionDate "2023.05.31"]
[SourceQuality "1"]

1. d4 Nf6 2. c4 g6 3. Nf3 Bg7 4. g3 0-0 5. Bg2 d6 6. 0-0 Nc6 7. Nc3 a6 8. a4 e5 9. d5 Ne7 10. e4 a5 11. Re1 Nd7 12. Be3 h6 13. Qc1 Nc5 14. Bxc5 dxc5 15. Nd2 Bd7 16. Qc2 Nc8 17. b3 Nd6 0-1

[Event "Pan American-ch Hybrid U14 Girls 31st"]
[Site "Tornelo INT"]
[Date "2021.09.04"]
[Round "3"]
[White "Vasquez Vasquez, Marielos"]
[Black "Mamani Orozco, Camila Guianella"]
[Result "1-0"]
[WhiteElo "1498"]
[BlackElo "1337"]
[PlyCount "47"]
[EventDate "2021.09.04"]
[EventType "swiss"]
[EventRounds "9"]
[EventCountry "NET"]
[SourceTitle "EXT 2023"]
[Source "ChessBase"]
[SourceDate "2022.10.05"]
[SourceVersion "1"]
[SourceVersionDate "2022.10.05"]
[SourceQuality "1"]

1. c4 c5 2. Nc3 Nc6 3. g3 Nf6 4. Bg2 g6 5. d3 Bg7 6. e4 d6 7. Nge2 0-0 8. 0-0 Bd7 9. h3 Rb8 10. f4 Ne8 11. f5 Nc7 12. g4 b5 13. g5 bxc4 14. dxc4 Nd4 15. Kh1 gxf5 16. Nxd4 cxd4 17. Nd5 fxe4 18. Bxe4 f5 19. gxf6 exf6 20. Rg1 f5 21. Bg5 Qe8 22. Be7 Rxb2 23. Rxg7+ Kxg7 24. Qxd4+ 1-0